000 00285nam a2200109Ia 4500
005 20251222144809.0
008 251222s9999||||xx |||||||||||||| ||spa||
082 _a005.8/I59/26
245 0 _aPrevención, Detección y Eliminación de Virus Informáticos
264 _bINEI
942 _cLIB
999 _c20022
_d20022